Pays qui possèdent le métro - Statistiques

Statistiques générales
  • Ce quiz a été pris 217 fois
  • Le résultat moyen est 44 sur 57
Statistiques - réponses
Nombre de villes Pays % Correct
12 États-Unis
99%
6 France
99%
40 Chine
98%
10 Japon
97%
3 Espagne
96%
7 Italie
96%
3 Canada
95%
3 Royaume-Uni
94%
7 Russie
94%
1 Australie
93%
7 Brésil
93%
1 Mexique
93%
4 Allemagne
92%
13 Inde
92%
1 Portugal
90%
1 Suède
90%
1 Norvège
88%
1 Argentine
86%
1 Suisse
86%
1 Belgique
85%
6 Corée du Sud
85%
2 Pays-Bas
85%
1 Pologne
85%
1 Finlande
83%
1 Algérie
82%
1 Autriche
81%
1 Chili
81%
1 Colombie
80%
1 Égypte
80%
5 Turquie
80%
3 Ukraine
80%
1 Indonésie
76%
1 Hongrie
75%
1 Pakistan
75%
1 Thaïlande
75%
1 Danemark
74%
5 Iran
73%
1 Pérou
73%
1 Roumanie
73%
1 Venezuela
73%
1 Émirats arabes unis
72%
1 Corée du Nord
71%
1 République tchèque
70%
1 Bulgarie
66%
1 Qatar
66%
1 Biélorussie
63%
1 Singapour
63%
1 Malaisie
61%
1 Philippines
59%
4 Taïwan
59%
1 Kazakhstan
54%
1 Panama
54%
1 Azerbaïdjan
48%
1 Arménie
47%
1 Géorgie
46%
1 Ouzbekistan
46%
1 République Dominicaine
24%
Aucun quiz correspondant
Distribution des résultats
% des personnes avec chaque résultat
Percentile par nombre de réponses
Votre historique - résultats
Vous n’avez pas pris ce quiz